Rent extraction by large shareholders: evidence using dividend policy in the Czech Republic
Na minha lista:
| Autor principal: | |
|---|---|
| Outros Autores: | |
| Formato: | Capítulo de Livro |
| Idioma: | inglês |
| Assuntos: | |
| Tags: |
Sem tags, seja o primeiro a adicionar uma tag!
|
MARC
| LEADER | 00000naa$a2200000$$$4500 | ||
|---|---|---|---|
| 001 | 0076282 | ||
| 005 | 20231010112247.1 | ||
| 041 | 0 | |a eng | |
| 044 | |a CZ | ||
| 245 | 1 | 0 | |a Rent extraction by large shareholders: evidence using dividend policy in the Czech Republic |c Jan Bena, Jan Hanousek |
| 610 | 2 | 0 | |a politika dividendová |
| 610 | 2 | 0 | |a akcionári |
| 610 | 2 | 0 | |a správa spoločnosti |
| 610 | 2 | 0 | |a dividendy |
| 100 | 1 | |a Bena, Jan | |
| 700 | 1 | |a Hanousek, Jan | |